Le Roman policier (notice n° 1567176)

détails MARC
000 -LEADER
fixed length control field 01016cam a2200133 4500500
005 - DATE AND TIME OF LATEST TRANSACTION
control field 20251214002559.0
041 ## - LANGUAGE CODE
Language code of text/sound track or separate title fre
042 ## - AUTHENTICATION CODE
Authentication code dc
100 10 - MAIN ENTRY--PERSONAL NAME
Personal name Reuter, Yves
Relator term author
245 00 - TITLE STATEMENT
Title Le Roman policier
260 ## - PUBLICATION, DISTRIBUTION, ETC.
Name of publisher, distributor, etc. Armand Colin,<br/>
Date of publication, distribution, etc. 2017.<br/>
520 ## - SUMMARY, ETC.
Summary, etc. Le roman policier a, tout au long du XXe siècle, élargi son lectorat, conquis ses lettres de noblesse et diversifié ses formes. Cet ouvrage commence par raconter la naissance et l’histoire du genre : d’où vient-il ? Comment a-t-il gagné son autonomie dans le domaine romanesque ? Puis il distingue le roman noir, le roman à énigme et le roman à suspense : comment les identifier à partir de leurs structures, actions, personnages et procédés stylistiques ? Enfin il examine les relations du roman policier avec la littérature, au travers de son histoire, de ses auteurs, de ses thèmes et de ses procédés d’écriture.
856 41 - ELECTRONIC LOCATION AND ACCESS
Uniform Resource Identifier <a href="https://shs.cairn.info/le-roman-policier--9782200617738?lang=fr&redirect-ssocas=7080">https://shs.cairn.info/le-roman-policier--9782200617738?lang=fr&redirect-ssocas=7080</a>

Pas d'exemplaire disponible.

PLUDOC

PLUDOC est la plateforme unique et centralisée de gestion des bibliothèques physiques et numériques de Guinée administré par le CEDUST. Elle est la plus grande base de données de ressources documentaires pour les Étudiants, Enseignants chercheurs et Chercheurs de Guinée.

Adresse

627 919 101/664 919 101

25 boulevard du commerce
Kaloum, Conakry, Guinée

Réseaux sociaux

Powered by Netsen Group @ 2025